Developing Management Skills

Gespeichert in:
Bibliographische Detailangaben
1. Verfasser: Whetten, David A.
Weitere Verfasser: Cameron, Kim S.
Format: Buch
Sprache:Englisch
Veröffentlicht: Harlow PEARSON 2016
Ausgabe:9th Edition
Schriftenreihe:Always Learning
Schlagworte:
Tags: Tag hinzufügen
Keine Tags, Fügen Sie das erste Tag hinzu!

MARC

LEADER 00000nam a2200000 4500
001 0256189
005 20240226124520.8
020 |a 978-1-292-09748-0 
020 |a 1-292-09748-5 
020 |a 1-29-209748-5 
041 0 |a eng 
044 |a GB 
245 1 0 |a Developing Management Skills  |c David A. Whetten, Kim S. Cameron 
250 |a 9th Edition 
264 1 |a Harlow  |b PEARSON  |c 2016 
300 |a 643 s. 
490 1 |a Always Learning 
830 0 |a Always Learning 
610 2 0 |a manažment 
610 2 0 |a manažéri 
610 2 0 |a zručnosti 
610 2 0 |a riadenie 
610 2 0 |a stresy 
610 2 0 |a kreativita 
610 2 0 |a komunikácia 
610 2 0 |a motivácia pracovná 
610 2 0 |a konflikty 
610 2 0 |a tímy pracovné 
610 2 0 |a riadenie zmien 
610 2 0 |a prezentácia 
610 2 0 |a interview 
610 2 0 |a vzdelávanie 
100 1 |a Whetten, David A. 
700 1 |a Cameron, Kim S.